000 00922cam a2200241 4500
005 20260220090513.0
008 041206t19981998sp 000 0 spa u
020 _a8481553808
050 0 4 _aHB171.5
_bT46 1998
240 _s
245 0 0 _aTemas de economía :
_badaptados al programa de oposición para corredores de comercio colegiados /
_cdirección Ángel Almoguera Gómez ; Ángel Almoguera Gómez,...[et al.] ; prólogo Álvaro Cuervo García.
250 _a1a ed.
260 _aMadrid :
_bDykinson,
_c1998.
300 _a448 p. ;
_c24 cm.
504 _aIncluye bibliografía : p. 439-444.
650 7 _2lemb
_aEconomía
_xManuales
700 1 _aAlmoguera Gómez, Ángel
_edirector
_eautor
700 1 _aFanjul, José Luis
_eautor
700 1 _aGarcía Díaz, Iluminada
_eautor
700 1 _aJiménez García, Eduardo
_eautor
700 1 _aCuervo García, Álvaro
_eprologuista
942 _2lcc
_cLIB
999 _c85734
_d85734